| 000 | 00720 a2200181 4500 | ||
|---|---|---|---|
| 999 |
_c5174 _d5174 |
||
| 010 | _aENG-86763 | ||
| 020 |
_c495.00 _a8175346031 |
||
| 035 | _aEN-70296 | ||
| 037 | _bDBAD / PUB | ||
| 082 | 1 | 4 | _a343.5409944 |
| 245 | 1 |
_aLaw relating to computers internet & e-commerce : _ced. by Nandan Kamath _ba guide to cyber laws and the information technology act, 2000 with rules, regulations and notifications / |
|
| 250 | _a3rd ed | ||
| 260 |
_aDelhi _bUniversal Law Publishing _c2007 |
||
| 270 |
_aC-FF-1A, Dilkhush Industrial Estate, (Opp. Hans Cinema, Azadpur), G.T. Karnal Road, _bDelhi _e110 033 |
||
| 300 |
_axlix,749p _c24cm (pbk) |
||
| 500 | _aIncludes index | ||
| 942 |
_adpl _cEN _2ddc _h343.5409944 _mLAW |
||